| 000 | 01416nam a22003977a 4500 | ||
|---|---|---|---|
| 003 | OSt | ||
| 005 | 20230412082741.0 | ||
| 008 | 221006b |||||||| |||| 00| 0 eng d | ||
| 040 | _cBiblioteca Lado V | ||
| 082 |
_a707 _bE79a |
||
| 100 |
_9796 _aEsterow Milton _eeditor _edirector |
||
| 245 |
_aArtNews/ _bThe new Chicano Art/ |
||
| 260 |
_bBabcock Galleries _c2010 _aNew York |
||
| 300 |
_c21x28cm _a128p. |
||
| 366 | _eeng | ||
| 490 |
_a8 _v109 _v2010 _x0004 3273 |
||
| 505 |
_tHow Chicano is it? _rCarolina A. Miranda |
||
| 505 |
_tGetting Painting Off the Wall _rAnn Landi |
||
| 505 |
_tThe New Landscape of Chinase Ink Painting _rBarbara Pollack |
||
| 505 |
_tThe Best Underrated Artists _rAnn Landi |
||
| 505 | _tArt Talk | ||
| 505 | _tNews | ||
| 505 | _tStudio | ||
| 505 | _tLooking at Art | ||
| 505 | _tCritic's Pick | ||
| 650 |
_2Tesauro de Arte & Arquitectura _aARTE _9703 |
||
| 650 |
_2Tesauro de Arte & Arquitectura _aEXPOSICIONES |
||
| 650 |
_2Tesauro de Arte & Arquitectura _aBIENAL |
||
| 650 |
_2Tesauro de Arte & Arquitectura _aAPRECIACION |
||
| 650 |
_2Tesauro de Arte & Arquitectura _aTEORIA |
||
| 650 |
_2Tesauro de Arte & Arquitectura _aCRITICA |
||
| 650 |
_2Tesauro de Arte & Arquitectura _aFOTOGRAFIA _9702 |
||
| 650 |
_2Tesauro de Arte & Arquitectura _aLITERATURA |
||
| 650 |
_2Tesauro de Arte & Arquitectura _aNEW YORK |
||
| 942 |
_2ddc _c1 _h707 _iE79a _n0 |
||
| 999 |
_c3319 _d3319 |
||